<?xml version="1.0" encoding="UTF-8"?><marc:collection xmlns:marc="http://www.loc.gov/MARC21/slim">
  <marc:record>
    <marc:leader>00000nam##2200000za#4500</marc:leader>
    <marc:controlfield tag="001">9.613236</marc:controlfield>
    <marc:controlfield tag="003">CaOODSP</marc:controlfield>
    <marc:controlfield tag="005">20240527135427</marc:controlfield>
    <marc:controlfield tag="007">ta</marc:controlfield>
    <marc:controlfield tag="008">150406|1996||||xxc|||||     f|0| 0 eng|d</marc:controlfield>
    <marc:datafield tag="020" ind1=" " ind2=" ">
      <marc:subfield code="a">0-662-24869-4</marc:subfield>
    </marc:datafield>
    <marc:datafield tag="022" ind1=" " ind2=" ">
      <marc:subfield code="a">0576-6370</marc:subfield>
    </marc:datafield>
    <marc:datafield tag="040" ind1=" " ind2=" ">
      <marc:subfield code="a">CaOODSP</marc:subfield>
      <marc:subfield code="b">eng</marc:subfield>
    </marc:datafield>
    <marc:datafield tag="043" ind1=" " ind2=" ">
      <marc:subfield code="a">n-cn---</marc:subfield>
    </marc:datafield>
    <marc:datafield tag="086" ind1="1" ind2=" ">
      <marc:subfield code="a">CW69-1/91E</marc:subfield>
    </marc:datafield>
    <marc:datafield tag="110" ind1="2" ind2=" ">
      <marc:subfield code="a">Canadian Wildlife Service.</marc:subfield>
    </marc:datafield>
    <marc:datafield tag="245" ind1="1" ind2="0">
      <marc:subfield code="a">Studies of high-latitude seabirds : </marc:subfield>
      <marc:subfield code="b">4) Trophic relationships and energetics of endotherms in cold ocean systems / </marc:subfield>
      <marc:subfield code="c">Edited by W. A. Montevecchi. </marc:subfield>
    </marc:datafield>
    <marc:datafield tag="260" ind1=" " ind2=" ">
      <marc:subfield code="a">Ottawa - Ontario : </marc:subfield>
      <marc:subfield code="b">Environment Canada. </marc:subfield>
      <marc:subfield code="c">1996.</marc:subfield>
    </marc:datafield>
    <marc:datafield tag="300" ind1=" " ind2=" ">
      <marc:subfield code="a">73p. : </marc:subfield>
      <marc:subfield code="b">figs., graphs, maps, references, tables ; </marc:subfield>
      <marc:subfield code="c">28 cm.</marc:subfield>
    </marc:datafield>
    <marc:datafield tag="490" ind1="1" ind2=" ">
      <marc:subfield code="a">Occasional paper - Canadian Wildlife Service</marc:subfield>
      <marc:subfield code="x">0576-6370</marc:subfield>
      <marc:subfield code="v">91</marc:subfield>
    </marc:datafield>
    <marc:datafield tag="500" ind1=" " ind2=" ">
      <marc:subfield code="a">"Papers presented at the Marine Birds and Mammals in Arctic Food Webs Symposium held at Memorial University of Newfoundland, St. John's, Newfoundland, in April 1992 and jointly sponsored by the Canadian Wildlife Service and Memorial University of Newfoundland. Published for Memorial University by the Canadian Wildlife Service."--Title page. Contents: Introduction.--The influence of changes in food abundance on diving and surface-feeding seabirds.--Prey harvest, chick growth, and production of three seabird species on Bleiksoy, North Norway, during years of variable food availability.--Diet of Razorbill Alca torda chicks and breeding success in the St. Mary's Islands, Gulf of St. Lawrence, Quebec, Canada, 1990-1992.--Concordance of seabird population parameters: analytical methods and interpretation.--Energy expenditure of breeding Common Murres.--Ecological interactions between marine mammals, commercial fisheries, and their prey: unravelling the tangled web.</marc:subfield>
    </marc:datafield>
    <marc:datafield tag="520" ind1="3" ind2=" ">
      <marc:subfield code="a">Papers presented at the Marine Birds and Mammals in Arctic Food Webs Symposium held at Memorial University of Newfoundland, St. John's, Newfoundland, in April 1992 and jointly sponsored by the Canadian Wildlife Service and Memorial University of Newfoundland. Published for Memorial University by the Canadian Wildlife Service.--Title page</marc:subfield>
    </marc:datafield>
    <marc:datafield tag="546" ind1=" " ind2=" ">
      <marc:subfield code="a">Résumés en français</marc:subfield>
    </marc:datafield>
    <marc:datafield tag="563" ind1=" " ind2=" ">
      <marc:subfield code="a">Softcover</marc:subfield>
    </marc:datafield>
    <marc:datafield tag="590" ind1=" " ind2=" ">
      <marc:subfield code="a">96-36</marc:subfield>
      <marc:subfield code="b">1996-09-06</marc:subfield>
    </marc:datafield>
    <marc:datafield tag="690" ind1="0" ind2="7">
      <marc:subfield code="a">Birds</marc:subfield>
      <marc:subfield code="2">gcpds</marc:subfield>
    </marc:datafield>
    <marc:datafield tag="720" ind1="1" ind2=" ">
      <marc:subfield code="a">Montevecchi, W. A.</marc:subfield>
    </marc:datafield>
    <marc:datafield tag="776" ind1="0" ind2="#">
      <marc:subfield code="t">Studies of high-latitude seabirds. </marc:subfield>
      <marc:subfield code="w">(CaOODSP)9.856140</marc:subfield>
    </marc:datafield>
    <marc:datafield tag="830" ind1="#" ind2="0">
      <marc:subfield code="a">Occasional paper (Canadian Wildlife Service)</marc:subfield>
      <marc:subfield code="x">0576-6370</marc:subfield>
      <marc:subfield code="v">91</marc:subfield>
      <marc:subfield code="w">(CaOODSP)9.514489</marc:subfield>
    </marc:datafield>
  </marc:record>
</marc:collection>
